The Holy land : (Record no. 12380)

MARC details
000 -LEADER
fixed length control field 00551nam a2200193Ia 4500
008 - FIXED-LENGTH DATA ELEMENTS--GENERAL INFORMATION
fixed length control field 210303s9999 xx 000 0 und d
016 ## - NATIONAL BIBLIOGRAPHIC AGENCY CONTROL NUMBER
Source retro2022
020 ## - INTERNATIONAL STANDARD BOOK NUMBER
ISBN 9783796062
040 ## - CATALOGING SOURCE
Original cataloging agency NLN
Language of cataloging English
Description conventions AACR2
100 ## - MAIN ENTRY--AUTHOR
Author AGADA, Jerry
Relator term aut
245 #4 - TITLE STATEMENT
Title The Holy land :
Remainder of title encounters and symbolism /
Statement of responsibility, etc Jerry Agada
260 ## - PUBLICATION, DISTRIBUTION, ETC. (IMPRINT)
Place of publication Makurdi, Benue State :
Name of publisher Aboki Publishers,
Date of publication 2005
300 ## - COLLATION
Pagination xx, 74p. ;
Other physical details 18cm.
563 ## - BINDING INFORMATION
Binding note (pbk)
650 ## - TRACINGS
Main Subject Nigeria fiction (English)
942 ## - ADDED ENTRY ELEMENTS (KOHA)
Suppress in OPAC No
Item type Books
050 ## - LIBRARY OF CONGRESS CALL NUMBER
Classification number PR9387.9.A259
Item number H761
082 ## - DEWEY DECIMAL CLASSIFICATION NUMBER
Classification number 823
Holdings
Source of classification or shelving scheme Not for loan Home library Current library Date acquired Full call number Barcode. Koha item type
Library of Congress Classification   IBADAN BRANCH LIBRARY National Library of Nigeria 04/03/2021 PR9387.9.A259 H761 2024-555555550996153 Books

National Library of Nigeria OPAC is powered by Koha